[Event "Challenge"]
[Site "http://www.queenalice.com/game.php?id=722548"]
[Date "2010.1.29"]
[Round "-"]
[White "blackwolf"]
[Black "ACAFSoares"]
[Result "1-0"]
[WhiteElo "1830"]
[BlackElo "1006"]

1. d4 d5 2. c4 b6 3. Nc3 Nc6 4. Nf3 dxc4 5. e4 Nxd4 6. Nxd4 e6 7. Bxc4 Bb7 8.
O-O Qg5 9. Bxg5 Kd7 10. Nxe6+ Bd6 11. Nxg7 h5 12. Nxh5 Rxh5 13. Bf4 Nf6 14. Bxd6
cxd6 15. f3 Rc5 16. Bxf7 a6 17. Nd5 a5 18. Nxf6+ Ke7 19. Bd5 1-0

[Event "Challenge"]
[Site "http://www.queenalice.com/game.php?id=722549"]
[Date "2010.1.29"]
[Round "-"]
[White "blackwolf"]
[Black "ACAFSoares"]
[Result "1-0"]
[WhiteElo "1828"]
[BlackElo "1008"]

1. d4 d5 2. c4 e6 3. Nc3 Nc6 4. Nf3 dxc4 5. e4 Bb4 6. Bxc4 Nxd4 7. Nxd4 e5 8.
Nf3 Bd7 9. O-O Nf6 10. Re1 O-O 11. Nxe5 a6 12. Bg5 Bb5 13. Qxd8 Raxd8 14. Red1
Ng4 15. Bxd8 c6 16. Bxf7+ Kh8 17. Nxb5 Nxe5 18. Bb3 Nf7 19. Bxf7 axb5 20. Bb3
1-0

[Event "Challenge"]
[Site "http://www.queenalice.com/game.php?id=722620"]
[Date "2010.1.30"]
[Round "-"]
[White "McKubik"]
[Black "ACAFSoares"]
[Result "1-0"]
[WhiteElo "1277"]
[BlackElo "988"]

1. e4 e5 2. Qh5 g6 3. Qxe5+ Be7 4. Qxh8 Bf8 5. Qxg8 Ke7 6. Bc4 Nc6 7. Qxf7+ Kd6
8. Nc3 Be7 9. Nb5+ Kc5 10. a4 a5 11. d3 g5 12. Be3+ Nd4 13. c3 Bf8 14. Bxd4+ Kc6
15. Qd5# 1-0

[Event "Challenge"]
[Site "http://www.queenalice.com/game.php?id=800963"]
[Date "2010.7.9"]
[Round "-"]
[White "dbotoy1"]
[Black "ACAFSoares"]
[Result "0-1"]
[WhiteElo "1313"]
[BlackElo "1006"]

1. e4 d6 2. d3 e5 3. f4 g6 4. Nc3 Be6 5. Nge2 Nc6 6. g3 Nb4 7. Bg2 Bg4 8. O-O a5
9. h3 Bh5 10. a3 Nc6 11. Nd5 Ra6 12. Nec3 Nd4 0-1

[Event "Challenge"]
[Site "http://www.queenalice.com/game.php?id=801245"]
[Date "2010.7.10"]
[Round "-"]
[White "ACAFSoares"]
[Black "jrgo"]
[Result "1-0"]
[WhiteElo "1000"]
[BlackElo "1092"]

1. e3 e5 2. c3 Nc6 3. Bb5 Na5 4. Qa4 b6 5. h4 Qf6 6. d4 a6 7. Rh3 c6 8. Bd3 h5
9. Ne2 d5 10. e4 Bg4 11. Rg3 Qxh4 12. Rh3 Qf6 13. a3 g6 14. b4 Nc4 15. Ra2 Rh7
16. Ng3 b5 17. Qb3 Nb6 18. dxe5 Qxe5 19. Be3 dxe4 20. Bxe4 Nc4 21. Bxc6+ Kd8 22.
Bxa8 f5 23. Nd2 Nxe3 24. fxe3 Qxe3+ 25. Kf1 Qe2+ 26. Nxe2 Ne7 27. Re3 Nc8 28.
Nd4 Ra7 29. Nc6+ Kc7 30. Nxa7 Nxa7 31. Qd5 Bh6 32. Re8 Kb6 33. Nc4+ bxc4 34.
Qc5# 1-0

[Event "Challenge"]
[Site "http://www.queenalice.com/game.php?id=811916"]
[Date "2010.8.1"]
[Round "-"]
[White "garota_rap"]
[Black "ACAFSoares"]
[Result "1-0"]
[WhiteElo "1541"]
[BlackElo "1020"]

1. e4 e5 2. Qf3 Nf6 3. Nc3 h5 4. h3 c6 5. Bc4 Bc5 6. Na4 g5 7. Nxc5 Qa5 8. Qxf6
Rg8 9. Qxf7+ Kd8 10. Qxg8+ Kc7 11. Nb3 Qb4 12. c3 Qd6 13. Qxg5 b5 14. Be2 c5 15.
Bxb5 a6 16. Bc4 a5 17. Qxh5 Qe7 18. Nf3 Bb7 19. d3 Nc6 20. Be3 Nd8 21. Nxc5 Bc8
22. a4 Qf6 23. Nxe5 d6 24. Qh7+ Kb8 25. Ned7+ Ka7 26. Nxf6+ Kb6 27. Ne6+ Kc6 28.
Nxd8# 1-0

[Event "ACAFSoares"]
[Site "http://www.queenalice.com/game.php?id=818056"]
[Date "2010.8.14"]
[Round "-"]
[White "herick"]
[Black "ACAFSoares"]
[Result "1-0"]
[WhiteElo "1100"]
[BlackElo "1034"]

1. Nf3 d6 2. h3 Nc6 3. g3 h5 4. d4 Qd7 5. Bg2 Qf5 6. O-O e5 7. dxe5 dxe5 8. Qd5
a5 9. Nc3 Nf6 10. Qd3 g6 11. e4 Qd7 12. Nd5 Bc5 13. Qc4 Qd6 14. Rd1 a4 15. Bg5
Ra6 16. Bxf6 Rg8 17. Ne7 Nxe7 18. Bxe7 Qxe7 19. Rd5 Qe6 20. Qxc5 c6 21. Rxe5 Ra5
22. Qxa5 b5 23. Rxe6+ Bxe6 24. Qa8+ Ke7 25. Qxg8 Kd6 26. e5+ Kd5 27. Ng5+ Kd4
28. Rd1+ Kc4 29. Bxc6 h4 30. gxh4 a3 31. b3+ Kc3 32. Bxb5 Kxc2 33. Qd8 Kb2 34.
Qd2# 1-0

[Event "Challenge"]
[Site "http://www.queenalice.com/game.php?id=818104"]
[Date "2010.8.14"]
[Round "-"]
[White "jrgo"]
[Black "ACAFSoares"]
[Result "1-0"]
[WhiteElo "1072"]
[BlackElo "1020"]

1. e4 d6 2. c4 e5 3. h3 g6 4. g4 Qg5 5. Nf3 Qf4 6. d3 Qf6 7. a4 a5 8. Qb3 Ra6 9.
Be2 Rb6 10. Qc3 c5 11. g5 Qe6 12. Nh4 Be7 13. Bg4 f5 14. exf5 gxf5 15. Bxf5 Qf7
16. Bxc8 h6 17. Qxa5 Bd8 18. g6 Qf6 19. Nf5 Rc6 20. Qa7 Bc7 21. g7 Rh7 22. Qxb7
Qf7 23. Rg1 Qxf5 24. Bxf5 Rxg7 25. Rxg7 Ra6 26. Rxg8+ Ke7 27. Qxc7+ Nd7 28. Bxd7
Kf6 29. Bxh6 e4 30. dxe4 Ke5 31. Nd2 Kd4 32. Ra3 Ke5 33. f4+ Kd4 34. Ke2 Ra5 35.
Bg7# 1-0

[Event "Challenge"]
[Site "http://www.queenalice.com/game.php?id=821135"]
[Date "2010.8.21"]
[Round "-"]
[White "ACAFSoares"]
[Black "garota_rap"]
[Result "0-1"]
[WhiteElo "1034"]
[BlackElo "1524"]

1. e4 e5 2. Bc4 Qf6 3. Qe2 a6 4. g3 b5 5. Bb3 Bc5 6. Bd5 c6 7. Bb3 d6 8. h4 Be6
9. Nf3 Bxb3 10. axb3 h6 11. Nc3 Nd7 12. h5 Ne7 13. Rh3 O-O 14. Rh4 g5 15. Rh3 b4
16. Na4 g4 17. Rh4 gxf3 18. Rg4+ Kh7 19. Qc4 Rg8 20. d4 Rxg4 21. dxc5 dxc5 22.
Nxc5 Nxc5 23. Qxc5 a5 24. Be3 Rxe4 25. Rd1 Nd5 26. Rd3 Nxe3 27. Rd6 Nc4+ 28. Kd1
Qxd6+ 29. Qxd6 Nxd6 30. c3 bxc3 31. Kc2 cxb2 32. Kxb2 Re2+ 33. Ka3 Rxf2 34. b4
axb4+ 35. Kxb4 Rg2 36. Kc5 Ne4+ 37. Kxc6 f2 38. Kd7 f1=Q 39. Ke7 Rxg3 40. Kd7
Rd3+ 41. Kc7 Qc1+ 42. Kb7 Qc8+ 43. Kb6 Rb3# 0-1

[Event "Challenge"]
[Site "http://www.queenalice.com/game.php?id=941515"]
[Date "2011.5.23"]
[Round "-"]
[White "ACAFSoares"]
[Black "jrgo"]
[Result "0-1"]
[WhiteElo "1010"]
[BlackElo "1086"]

1. e4 e5 2. Qg4 Nf6 3. Qf5 Bb4 4. Bb5 Nc6 5. g3 g6 6. Qf3 a6 7. Bc4 d6 8. a3 Bc5
9. Ne2 Bg4 10. Qg2 b5 11. Bd3 Na5 12. Nbc3 g5 13. h3 Bh5 14. g4 Bg6 15. a4 bxa4
16. b3 axb3 17. Rxa5 bxc2 18. Bxc2 c6 19. Ra4 d5 20. d3 dxe4 21. dxe4 h6 22. Bd3
Qxd3 23. Nb1 a5 24. Nd2 h5 25. Rc4 hxg4 26. Rxc5 a4 27. Rxe5+ Kf8 28. Ba3+ Qxa3
29. O-O gxh3 30. Qh2 Rb8 31. Rb1 Rb2 32. Rd1 g4 33. Nd4 Rh5 34. Nc2 Rxc2 35. Nb1
Qa1 36. Ra5 Rxa5 37. Qd6+ Kg7 38. e5 Ne4 39. Qd8 Rb5 40. Re1 Rxb1 0-1

[Event "Challenge"]
[Site "http://www.queenalice.com/game.php?id=944395"]
[Date "2011.5.30"]
[Round "-"]
[White "ACAFSoares"]
[Black "josedesouza"]
[Result "0-1"]
[WhiteElo "1024"]
[BlackElo "1198"]

1. e4 e5 2. Bb5 Nf6 3. Nf3 Nxe4 4. c3 f6 5. d3 Nd6 6. h4 Nxb5 7. Be3 Nc6 8. c4
Bb4+ 9. Nbd2 d6 10. a3 Bxd2+ 11. Nxd2 Nbd4 12. a4 Nf5 13. Qe2 Nb4 14. Nb3 a5 15.
Rh3 O-O 16. g3 b6 17. g4 Nh6 18. f3 Be6 19. Rd1 Qd7 20. h5 Qxa4 21. Rb1 Qxb3 22.
Ra1 Nxd3+ 23. Kf1 Bxc4 24. Ra3 Qb5 25. Qc2 Nf4+ 26. Ke1 Nxh3 27. Ra4 Bb3 28.
Qxc7 Bxa4 29. Qxb6 Qxb6 30. Bxb6 Rfb8 31. Ke2 Rxb6 32. Kf1 Rxb2 0-1

[Event "Challenge"]
[Site "http://www.queenalice.com/game.php?id=950236"]
[Date "2011.6.15"]
[Round "-"]
[White "AngieB"]
[Black "ACAFSoares"]
[Result "1-0"]
[WhiteElo "1281"]
[BlackElo "1015"]

1. e4 e5 2. d3 Bb4+ 3. c3 Ba5 4. b4 Bb6 5. Be2 h6 6. Nf3 d6 7. O-O Bd7 8. Nbd2
Nf6 9. c4 h5 10. a4 Nc6 11. Rb1 Bg4 12. b5 Nd4 13. Nxd4 exd4 14. f3 Bc8 15. f4
g6 16. e5 dxe5 17. fxe5 Nd7 18. g4 Nxe5 19. gxh5 Qg5+ 20. Kh1 Qh4 21. Nf3 Qh3
22. Nxe5 f6 23. Nxg6 Rg8 24. Rf4 Be6 25. Rxf6 Bf7 26. Ne5 O-O-O 27. Rxf7 Bc5 28.
Qf1 Qg2+ 29. Qxg2 Rxg2 30. Kxg2 Bd6 31. Ng6 a6 32. bxa6 Kb8 33. Bg4 Re8 34. Bd2
Bc5 35. h6 Ka7 36. Bd7 Rd8 37. h7 Bd6 38. h8=Q Rxh8 39. Nxh8 b6 40. h4 Kxa6 41.
Bb5+ Kb7 42. h5 Bc5 43. Rd7 1-0